| 000 | 00473nam a22001577a 4500 | ||
|---|---|---|---|
| 008 | 230616b |||||||| |||| 00| 0 eng d | ||
| 040 |
_aNational Science Library _cNational Science Library |
||
| 080 |
_a621.7.07:519(082.2) _bM2 |
||
| 245 | _aNumerical methods in industrial forming processes | ||
| 260 |
_aSwansea: _bPineridge Press, _c1982 |
||
| 300 | _a808p. | ||
| 650 | _aNumerical | ||
| 653 | _aIndustrial | ||
| 700 | _aPittman, J F T (Ed.) | ||
| 942 |
_2udc _cBK |
||
| 999 |
_c44113 _d44113 |
||